000 01408nam a2200241Ia 4500
999 _c52063
_d52063
001 19069
003 GE_BSU
005 20210405173730.0
008 181216s2016||||ge |||||||||||||| ||geo||
040 _cGE_BSU
041 _ageo
080 _a 82 ო-37
100 _aოზთურქი, გულ მუქერრემ
_911078
245 _aორჰან ქემალის ქართული თარგმანები (უბედური შემთხვევა, ქალბატონის მამული, უცხო ქალი)
_cგულ მუქერრემ ოზთურქი; მეცნ. ხელმძღანელი ლ. თანდილავა; ბათუმის შოთა რუსთაველის სახ-ფო უნ-ტი.
264 _aბათუმი :
_bბსუ,
_c2016.
300 _a186 გვ. ,
_b30 სმ.
653 _aდისერტაცია
653 _aლიტმცოდნეობა
653 _aორჰან ქემალის ქართული თარგმანები (უბედური შემთხვევა, ქალბატონის მამული, უცხო ქალი)
700 _aთანდილავა, ლილე
_eმეცნ. ხელმძღანელი
_95951
710 _aბსუ.
_911079
942 _cBK
_2udc